[Event "15PCR_ZK5"]
[Site "?"]
[Date "2003.??.??"]
[Round "?"]
[White "Kudr, Roman"]
[Black "Kubecek, Jan"]
[Result "1/2-1/2"]
[WhiteElo "1915"]
[BlackElo "1800"]
[PlyCount "39"]
[EventDate "2003.??.??"]
[EventType "corr"]
[EventRounds "2"]
[SourceDate "2004.??.??"]

1. d4 Nf6 2. c4 e6 3. Nf3 c5 4. Nc3 d5 5. cxd5 Nxd5 6. e4 Nxc3 7. bxc3 cxd4 8.
cxd4 Bb4+ 9. Bd2 Bxd2+ 10. Qxd2 O-O 11. Bc4 b6 12. O-O Bb7 13. d5 exd5 14. exd5
Qd6 15. Nd4 Nd7 16. Qg5 Qf6 17. Qxf6 Nxf6 18. Nc6 Rfe8 19. Rfe1 Kf8 20. Bb3
1/2-1/2

[Event "15PCR_ZK5"]
[Site "?"]
[Date "2003.??.??"]
[Round "?"]
[White "Cvak, Rudolf"]
[Black "Dudek, Karel"]
[Result "1/2-1/2"]
[WhiteElo "1800"]
[BlackElo "1955"]
[PlyCount "86"]
[EventDate "2003.??.??"]
[EventType "corr"]
[EventRounds "2"]
[SourceDate "2004.??.??"]

1. e4 d5 2. exd5 Nf6 3. d4 Nxd5 4. c4 Nb6 5. Nf3 Bg4 6. Be2 e6 7. O-O Nc6 8.
Nc3 Be7 9. d5 exd5 10. cxd5 Bxf3 11. Bxf3 Ne5 12. d6 Nxf3+ 13. Qxf3 cxd6 14.
Qxb7 O-O 15. Rd1 Bf6 16. Bf4 Qc8 17. Qf3 Be5 18. Re1 Re8 19. Bxe5 dxe5 20. Rad1
f6 21. Nb5 Qc2 22. Nd6 Red8 23. Nf5 Rxd1 24. Rxd1 Re8 25. a3 e4 26. Qg4 g6 27.
b4 Qb3 28. h4 Kf8 29. Rd6 Qb1+ 30. Kh2 Qb2 31. Ng3 Qe5 32. Rc6 f5 33. Qg5 Re6
34. Rc5 Qd6 35. Ra5 Qe7 36. Qf4 Nc8 37. Ne2 e3 38. fxe3 Rxe3 39. Ng3 Re6 40. h5
Kg8 41. h6 Qf6 42. Qc4 Nb6 43. Qf4 Nc8 1/2-1/2

[Event "15PCR_ZK5"]
[Site "?"]
[Date "2003.??.??"]
[Round "?"]
[White "Houdek, Vladimir"]
[Black "Petricek, Jiri"]
[Result "1-0"]
[WhiteElo "2105"]
[BlackElo "1875"]
[PlyCount "57"]
[EventDate "2003.??.??"]
[EventType "corr"]
[EventRounds "2"]
[SourceDate "2004.??.??"]

1. c4 Nf6 2. Nc3 c5 3. Nf3 d5 4. cxd5 Nxd5 5. d4 e6 6. e4 Nxc3 7. bxc3 b6 8.
Bf4 a6 9. Bxb8 Rxb8 10. Bxa6 Bxa6 11. Qa4+ b5 12. Qxa6 Rb6 13. Qa5 Qb8 14. O-O
Bd6 15. e5 Be7 16. dxc5 Bxc5 17. a4 O-O 18. c4 Qa8 19. Qxa8 Rxa8 20. cxb5 Rab8
21. Rfc1 Be7 22. Nd4 h6 23. a5 R6b7 24. a6 Rb6 25. Nc6 Re8 26. a7 Bg5 27. a8=Q
Rxa8 28. Rxa8+ Kh7 29. Rb1 1-0

[Event "15PCR_ZK5"]
[Site "?"]
[Date "2003.??.??"]
[Round "?"]
[White "Brichacek, Milan"]
[Black "Trs, Jan"]
[Result "0-1"]
[WhiteElo "1800"]
[BlackElo "2060"]
[PlyCount "84"]
[EventDate "2003.??.??"]
[EventType "corr"]
[EventRounds "2"]
[SourceDate "2004.??.??"]

1. e4 c5 2. Nf3 d6 3. d4 cxd4 4. Nxd4 Nf6 5. Nc3 e6 6. Be2 Be7 7. O-O a6 8. Qd3
b5 9. b4 Bb7 10. a4 bxa4 11. Rxa4 O-O 12. Be3 Nbd7 13. f4 a5 14. Rxa5 Rxa5 15.
bxa5 Qxa5 16. Nb3 Qb4 17. Bf3 Rc8 18. Na2 Qa3 19. Ra1 Qb2 20. Qb5 Rb8 21. Ba7
Bd5 22. Bxb8 Bxb3 23. Rd1 Qxc2 24. Nc1 Ba4 25. Qb4 Qc5+ 26. Qxc5 dxc5 27. Rxd7
Nxd7 28. Bc7 Kf8 29. e5 c4 30. Kf2 f6 31. Ne2 Bc5+ 32. Ke1 Bb4+ 33. Kf2 Ke8 34.
Ke3 Nc5 35. Bd6 Kd7 36. Kd4 Nb3+ 37. Kxc4 Bxd6 38. exd6 Kxd6 39. Kb4 Nc5 40.
Nd4 Bd7 41. Nb5+ Bxb5 42. Kxb5 e5 0-1

[Event "15PCR_ZK5"]
[Site "?"]
[Date "2003.??.??"]
[Round "?"]
[White "Trs, Jan"]
[Black "Houdek, Vladimir"]
[Result "1/2-1/2"]
[WhiteElo "2060"]
[BlackElo "2105"]
[PlyCount "61"]
[EventDate "2003.??.??"]
[EventType "corr"]
[EventRounds "2"]
[SourceDate "2004.??.??"]

1. d4 d5 2. Nf3 Nf6 3. c4 dxc4 4. e3 e6 5. Bxc4 c5 6. O-O a6 7. Qe2 b5 8. Bd3
cxd4 9. exd4 Be7 10. Bg5 Bb7 11. Nc3 O-O 12. Rad1 Nbd7 13. Ne5 h6 14. Bh4 Rc8
15. Rfe1 b4 16. Na4 Nxe5 17. dxe5 Nd5 18. Qe4 g6 19. Bxe7 Qxe7 20. Qd4 Qc7 21.
Qg4 Rfd8 22. Be4 a5 23. h3 Kg7 24. Qf3 Ba8 25. b3 Qb8 26. Bxd5 Rxd5 27. Qf6+
Kg8 28. Rxd5 Bxd5 29. Rd1 Qb7 30. Nb6 Qxb6 31. Rxd5 1/2-1/2

[Event "15PCR_ZK5"]
[Site "?"]
[Date "2003.??.??"]
[Round "?"]
[White "Petricek, Jiri"]
[Black "Cvak, Rudolf"]
[Result "0-1"]
[WhiteElo "1875"]
[BlackElo "1800"]
[PlyCount "68"]
[EventDate "2003.??.??"]
[EventType "corr"]
[EventRounds "2"]
[SourceDate "2004.??.??"]

1. c4 Nf6 2. d4 e6 3. g3 d5 4. Bg2 dxc4 5. Qa4+ Bd7 6. Qxc4 Nc6 7. Nf3 Na5 8.
Qc2 Rc8 9. e4 c5 10. Nc3 cxd4 11. Nxd4 Nc4 12. O-O Bc5 13. Nf3 Qa5 14. e5 Ng4
15. h3 Ngxe5 16. Nxe5 Nxe5 17. Bxb7 Bc6 18. Bxc6+ Nxc6 19. Be3 Bxe3 20. fxe3
O-O 21. a3 Ne5 22. Rad1 Nc4 23. Rd3 Qb6 24. Na4 Qb8 25. e4 Ne3 26. Qf2 Nxf1 27.
Qxf1 Qb5 28. b3 f5 29. Qf3 Rc1+ 30. Kf2 fxe4 31. Qxf8+ Kxf8 32. Rd2 e3+ 33.
Kxe3 Re1+ 34. Kd4 e5+ 0-1

[Event "15PCR_ZK5"]
[Site "?"]
[Date "2003.??.??"]
[Round "?"]
[White "Dudek, Karel"]
[Black "Kudr, Roman"]
[Result "1/2-1/2"]
[WhiteElo "1955"]
[BlackElo "1915"]
[PlyCount "30"]
[EventDate "2003.??.??"]
[EventType "corr"]
[EventRounds "2"]
[SourceDate "2004.??.??"]

1. e4 e5 2. Nf3 Nc6 3. Bb5 f5 4. Nc3 fxe4 5. Nxe4 Nf6 6. Nxf6+ Qxf6 7. Qe2 Be7
8. O-O Nd4 9. Nxd4 exd4 10. Re1 c6 11. Bd3 d5 12. b3 O-O 13. Qxe7 Qxf2+ 14. Kh1
Bh3 15. gxh3 Qf3+ 1/2-1/2

[Event "15PCR_ZK5"]
[Site "?"]
[Date "2003.??.??"]
[Round "?"]
[White "Dudek, Karel"]
[Black "Kubecek, Jan"]
[Result "1-0"]
[WhiteElo "1955"]
[BlackElo "1800"]
[PlyCount "60"]
[EventDate "2003.??.??"]
[EventType "corr"]
[EventRounds "2"]
[SourceDate "2004.??.??"]

1. e4 c5 2. Nf3 e6 3. d4 cxd4 4. Nxd4 Nc6 5. Nb5 d6 6. c4 Nf6 7. N5c3 Be7 8.
Be2 O-O 9. O-O b6 10. Bf4 Bb7 11. Na3 Ne5 12. Qd4 Nc6 13. Qe3 d5 14. cxd5 exd5
15. exd5 Nxd5 16. Nxd5 Qxd5 17. Bf3 Qf5 18. Be4 Qf6 19. Qg3 Bc5 20. Nb5 Nd4 21.
Nxd4 Bxe4 22. Nb3 Rfe8 23. Nxc5 bxc5 24. b3 Qa6 25. Rfc1 Rac8 26. Rc4 Bd5 27.
Ra4 Qe2 28. Be3 c4 29. bxc4 Qb2 30. Re1 Qc3 1-0

[Event "15PCR_ZK5"]
[Site "?"]
[Date "2003.??.??"]
[Round "?"]
[White "Kudr, Roman"]
[Black "Petricek, Jiri"]
[Result "1-0"]
[WhiteElo "1915"]
[BlackElo "1875"]
[PlyCount "59"]
[EventDate "2003.??.??"]
[EventType "corr"]
[EventRounds "2"]
[SourceDate "2004.??.??"]

1. d4 e6 2. Nf3 d5 3. c4 dxc4 4. Qa4+ Bd7 5. Qxc4 c5 6. dxc5 b5 7. cxb6 axb6 8.
e4 Bd6 9. Nc3 Nf6 10. e5 Bc5 11. exf6 Qxf6 12. Bd3 O-O 13. Bg5 Ra4 14. Qxa4
Qxc3+ 15. bxc3 Bxa4 16. O-O h6 17. Be3 Rd8 18. Bxc5 bxc5 19. Rab1 Na6 20. Bxa6
g5 21. Bc4 Kg7 22. Bb3 Bxb3 23. axb3 Rd3 24. b4 Rxc3 25. b5 Rd3 26. b6 Rd8 27.
b7 Rb8 28. Rfc1 Kf6 29. Rxc5 Rxb7 30. Rxb7 1-0

[Event "15PCR_ZK5"]
[Site "?"]
[Date "2003.??.??"]
[Round "?"]
[White "Cvak, Rudolf"]
[Black "Trs, Jan"]
[Result "1/2-1/2"]
[WhiteElo "1800"]
[BlackElo "2060"]
[PlyCount "104"]
[EventDate "2003.??.??"]
[EventType "corr"]
[EventRounds "2"]
[SourceDate "2004.??.??"]

1. e4 e5 2. Nf3 Nf6 3. Nxe5 d6 4. Nf3 Nxe4 5. d4 d5 6. Bd3 Be7 7. O-O Nc6 8. c4
Nf6 9. Nc3 dxc4 10. Bxc4 O-O 11. h3 a6 12. Re1 Na5 13. Bd3 Nc6 14. a3 Be6 15.
Rb1 Re8 16. b4 Nd5 17. Bb2 Nxc3 18. Bxc3 Bf6 19. b5 axb5 20. Rxb5 Ne7 21. Qc2
h6 22. Be4 Rxa3 23. Rxb7 Bd5 24. Bxd5 Nxd5 25. Rxe8+ Qxe8 26. Bb2 Rxf3 27. gxf3
Qe1+ 28. Kh2 g6 29. Ba3 Bxd4 30. Bb2 Be5+ 31. f4 Bxf4+ 32. Kg2 Kh7 33. Rb8 Be5
34. Bxe5 Qxe5 35. Qb2 Nf4+ 36. Kh2 Qxb2 37. Rxb2 c5 38. Kg3 g5 39. Rb6 Ne6 40.
Kf3 Kg6 41. Ke4 Kf6 42. Ra6 h5 43. f3 h4 44. Rb6 Kg6 45. Ke5 Kg7 46. Kf5 c4 47.
Rb4 c3 48. Rc4 c2 49. Rc8 Nd4+ 50. Kxg5 f6+ 51. Kxh4 Kg6 52. Rc7 f5 1/2-1/2

[Event "15PCR_ZK5"]
[Site "?"]
[Date "2003.??.??"]
[Round "?"]
[White "Houdek, Vladimir"]
[Black "Brichacek, Milan"]
[Result "0-1"]
[WhiteElo "2105"]
[BlackElo "1800"]
[PlyCount "42"]
[EventDate "2003.??.??"]
[EventType "corr"]
[EventRounds "2"]
[SourceDate "2004.??.??"]

1. c4 e5 2. Nc3 Nc6 3. Nf3 Nf6 4. g3 d5 5. cxd5 Nxd5 6. Bg2 Nxc3 7. bxc3 e4 8.
Ng1 f5 9. f3 e3 10. d4 f4 11. Qd3 Bd6 12. gxf4 Qh4+ 13. Kd1 O-O 14. Bxe3 Bf5
15. Qc4+ Kh8 16. d5 Ne7 17. Qd4 Nxd5 18. Bf2 Qh5 19. Ke1 Nxf4 20. Bf1 Rad8 21.
Qxa7 Qg5 0-1

[Event "15PCR_ZK5"]
[Site "?"]
[Date "2003.??.??"]
[Round "?"]
[White "Kubecek, Jan"]
[Black "Houdek, Vladimir"]
[Result "0-1"]
[WhiteElo "1800"]
[BlackElo "2105"]
[PlyCount "53"]
[EventDate "2003.??.??"]
[EventType "corr"]
[EventRounds "2"]
[SourceDate "2004.??.??"]

1. d4 d5 2. c4 dxc4 3. Nf3 Nf6 4. Nc3 c6 5. a4 Bf5 6. e3 e6 7. Bxc4 Bb4 8. O-O
Nbd7 9. Qe2 Bg6 10. Bd2 O-O 11. Ne4 Be7 12. Nxf6+ Nxf6 13. Ne5 a5 14. Nxg6 hxg6
15. Bc3 Qc7 16. e4 Qf4 17. Rfe1 Rfd8 18. Rad1 Bb4 19. g3 Qh6 20. Bxb4 axb4 21.
b3 Qh3 22. Qc2 e5 23. Bf1 Qe6 24. dxe5 Qxe5 25. f4 Qa5 26. Rxd8+ Rxd8 27. e5
0-1

[Event "15PCR_ZK5"]
[Site "?"]
[Date "2003.??.??"]
[Round "?"]
[White "Brichacek, Milan"]
[Black "Cvak, Rudolf"]
[Result "1-0"]
[WhiteElo "1800"]
[BlackElo "1800"]
[PlyCount "79"]
[EventDate "2003.??.??"]
[EventType "corr"]
[EventRounds "2"]
[SourceDate "2004.??.??"]

1. e4 c6 2. Nf3 d5 3. e5 Bg4 4. d4 e6 5. Nbd2 Nd7 6. h3 Bxf3 7. Nxf3 c5 8. c3
Ne7 9. Qb3 Qc7 10. Be2 Nc6 11. O-O Be7 12. Be3 O-O 13. Qc2 Rfc8 14. Rfc1 Qd8
15. Qb1 a6 16. Bd3 Nf8 17. dxc5 a5 18. Qc2 Qd7 19. Bd4 Qe8 20. a4 h6 21. Bb5
Nd7 22. b4 axb4 23. Bxc6 bxc6 24. cxb4 Rcb8 25. Bc3 Rd8 26. Re1 Nf8 27. Nd4
Rab8 28. f4 Qd7 29. Rf1 Qc7 30. f5 Bg5 31. Qf2 Rd7 32. h4 Bd8 33. f6 Qxe5 34.
fxg7 Ng6 35. Nxc6 Qxc3 36. Nxb8 Rb7 37. Nc6 Bxh4 38. Qf3 Qxf3 39. Rxf3 Kxg7 40.
a5 1-0

[Event "15PCR_ZK5"]
[Site "?"]
[Date "2003.??.??"]
[Round "?"]
[White "Trs, Jan"]
[Black "Kudr, Roman"]
[Result "1-0"]
[WhiteElo "2060"]
[BlackElo "1915"]
[PlyCount "47"]
[EventDate "2003.??.??"]
[EventType "corr"]
[EventRounds "2"]
[SourceDate "2004.??.??"]

1. d4 d5 2. Nf3 Nf6 3. c4 c6 4. Nc3 e6 5. e3 Ne4 6. Bd3 Bb4 7. Qb3 Qa5 8. Bxe4
Bxc3+ 9. bxc3 dxe4 10. Nd2 f5 11. c5 b5 12. cxb6 Qxb6 13. Nc4 Qxb3 14. axb3 Nd7
15. Ba3 Kf7 16. Bd6 Rd8 17. f3 exf3 18. gxf3 a6 19. Rg1 Ra7 20. e4 g6 21. b4
Bb7 22. Kf2 Ba8 23. exf5 gxf5 24. Bf4 1-0

[Event "15PCR_ZK5"]
[Site "?"]
[Date "2003.??.??"]
[Round "?"]
[White "Petricek, Jiri"]
[Black "Dudek, Karel"]
[Result "1-0"]
[WhiteElo "1875"]
[BlackElo "1955"]
[PlyCount "47"]
[EventDate "2003.??.??"]
[EventType "corr"]
[EventRounds "2"]
[SourceDate "2004.??.??"]

1. e4 c5 2. Nf3 Nf6 3. e5 Nd5 4. Nc3 Nxc3 5. dxc3 d5 6. exd6 Qxd6 7. Qxd6 exd6
8. Bf4 Bg4 9. O-O-O Nd7 10. Bc4 Bxf3 11. Rhe1+ Be7 12. gxf3 Kf8 13. Bxd6 Re8
14. Bc7 Bg5+ 15. f4 Rxe1 16. Rxe1 Be7 17. Rd1 Nf6 18. f3 h5 19. Be5 Rh6 20. a4
b6 21. Kd2 Nd7 22. Ke3 Nxe5 23. fxe5 Rg6 24. Rd7 1-0

[Event "15PCR_ZK5"]
[Site "?"]
[Date "2003.??.??"]
[Round "?"]
[White "Petricek, Jiri"]
[Black "Kubecek, Jan"]
[Result "0-1"]
[WhiteElo "1875"]
[BlackElo "1800"]
[PlyCount "55"]
[EventDate "2003.??.??"]
[EventType "corr"]
[EventRounds "2"]
[SourceDate "2004.??.??"]

1. e4 c5 2. Nf3 e6 3. Nc3 Nc6 4. Bb5 Nf6 5. O-O Be7 6. d3 O-O 7. Bg5 h6 8. Bxf6
Bxf6 9. a3 d6 10. Qd2 Nd4 11. Nxd4 Bxd4 12. Rfe1 a6 13. Bc4 b5 14. Bb3 Qf6 15.
Kh1 Qxf2 16. Qxf2 Bxf2 17. Re2 Bd4 18. h3 Bb7 19. Nd1 c4 20. c3 cxb3 21. cxd4
a5 22. Rc1 Rfc8 23. Rb1 b4 24. a4 Ba6 25. Nf2 Rc2 26. Rxc2 bxc2 27. Rc1 b3 28.
Kh2 0-1

[Event "15PCR_ZK5"]
[Site "?"]
[Date "2003.??.??"]
[Round "?"]
[White "Dudek, Karel"]
[Black "Trs, Jan"]
[Result "1/2-1/2"]
[WhiteElo "1955"]
[BlackElo "2060"]
[PlyCount "63"]
[EventDate "2003.??.??"]
[EventType "corr"]
[EventRounds "2"]
[SourceDate "2004.??.??"]

1. e4 c5 2. Nf3 Nc6 3. Bb5 g6 4. O-O Bg7 5. c3 Nf6 6. e5 Nd5 7. d4 cxd4 8. cxd4
O-O 9. Nc3 Nc7 10. Bf4 Nxb5 11. Nxb5 a6 12. Nc3 d6 13. exd6 exd6 14. h3 Re8 15.
Qd2 d5 16. Rfe1 Be6 17. Na4 Rc8 18. Rac1 Bf5 19. Rxe8+ Qxe8 20. Nb6 Nxd4 21.
Nxc8 Nxf3+ 22. gxf3 Bxc8 23. Qxd5 Bxb2 24. Rc7 Bxh3 25. Be3 Be6 26. Qxb7 Bf6
27. Qxa6 Qd8 28. Rc1 h5 29. a4 Kg7 30. Qb6 Qd5 31. Qc6 Qd8 32. Qe4 1/2-1/2

[Event "15PCR_ZK5"]
[Site "?"]
[Date "2003.??.??"]
[Round "?"]
[White "Kudr, Roman"]
[Black "Brichacek, Milan"]
[Result "0-1"]
[WhiteElo "1915"]
[BlackElo "1800"]
[PlyCount "58"]
[EventDate "2003.??.??"]
[EventType "corr"]
[EventRounds "2"]
[SourceDate "2004.??.??"]

1. d4 d5 2. Nf3 Nf6 3. c4 e6 4. Nc3 c6 5. e3 Nbd7 6. Qc2 Bd6 7. b3 O-O 8. Be2
dxc4 9. bxc4 e5 10. O-O Re8 11. Bb2 exd4 12. exd4 Nf8 13. Rad1 Bg4 14. Ne5 Bxe2
15. Nxe2 Ne6 16. Nf3 Rc8 17. Ng3 Bxg3 18. hxg3 Qd6 19. Rfe1 b5 20. d5 cxd5 21.
Bxf6 gxf6 22. Qf5 bxc4 23. Qxf6 c3 24. Ne5 Qe7 25. Ng4 h5 26. Nh6+ Kh7 27. Qf5+
Kxh6 28. Rxd5 Kg7 29. Qxh5 c2 0-1

[Event "15PCR_ZK5"]
[Site "?"]
[Date "2003.??.??"]
[Round "?"]
[White "Cvak, Rudolf"]
[Black "Houdek, Vladimir"]
[Result "1/2-1/2"]
[WhiteElo "1800"]
[BlackElo "2105"]
[PlyCount "95"]
[EventDate "2003.??.??"]
[EventType "corr"]
[EventRounds "2"]
[SourceDate "2004.??.??"]

1. e4 e5 2. Nf3 Nc6 3. Bb5 a6 4. Ba4 Nf6 5. d4 exd4 6. O-O Be7 7. e5 Ne4 8.
Nxd4 O-O 9. Nf5 d5 10. Bxc6 bxc6 11. Nxe7+ Qxe7 12. Re1 Re8 13. f3 Nd6 14. b3
Bf5 15. Ba3 Qe6 16. Nd2 Nb7 17. f4 Qh6 18. g3 Rad8 19. Qe2 c5 20. c4 c6 21. Qf2
d4 22. Ne4 Bxe4 23. Rxe4 f6 24. Rae1 fxe5 25. Rxe5 Rxe5 26. Rxe5 Qd6 27. Qe2 d3
28. Re8+ Kf7 29. Qh5+ g6 30. Rxd8 Nxd8 31. Qxh7+ Kf8 32. Qh8+ Ke7 33. Qa1 d2
34. Qd1 Ne6 35. Bb2 Qd3 36. Be5 g5 37. fxg5 Qe3+ 38. Kf1 Qxe5 39. Qxd2 Nxg5 40.
Qe2 Ne4 41. Kg2 Kd6 42. Kf3 Ng5+ 43. Kf2 Qf5+ 44. Kg1 Ne6 45. Qf2 Qd3 46. h4 a5
47. Kg2 a4 48. bxa4 1/2-1/2

[Event "15PCR_ZK5"]
[Site "?"]
[Date "2003.??.??"]
[Round "?"]
[White "Kubecek, Jan"]
[Black "Cvak, Rudolf"]
[Result "0-1"]
[WhiteElo "1800"]
[BlackElo "1800"]
[PlyCount "54"]
[EventDate "2003.??.??"]
[EventType "corr"]
[EventRounds "2"]
[SourceDate "2004.??.??"]

1. e4 e5 2. Nf3 Nc6 3. Bb5 a6 4. Bxc6 dxc6 5. O-O f6 6. d4 exd4 7. Nxd4 c5 8.
Nb3 Qxd1 9. Rxd1 Bg4 10. f3 Be6 11. Bf4 c4 12. Nd4 O-O-O 13. Nc3 Bf7 14. Nf5
Rxd1+ 15. Rxd1 g6 16. Ne3 Bc5 17. Kf2 Ne7 18. Ke2 Rd8 19. Rxd8+ Kxd8 20. Ng4
Ng8 21. Be3 Be7 22. a3 Kd7 23. h3 b5 24. f4 h5 25. Nh2 c5 26. Nf3 b4 27. Nb1
Be6 0-1

[Event "15PCR_ZK5"]
[Site "?"]
[Date "2003.??.??"]
[Round "?"]
[White "Houdek, Vladimir"]
[Black "Kudr, Roman"]
[Result "1/2-1/2"]
[WhiteElo "2105"]
[BlackElo "1915"]
[PlyCount "35"]
[EventDate "2003.??.??"]
[EventType "corr"]
[EventRounds "2"]
[SourceDate "2004.??.??"]

1. c4 Nf6 2. Nc3 b6 3. d4 e6 4. Nf3 Bb4 5. Bg5 Bb7 6. e3 h6 7. Bh4 Bxc3+ 8.
bxc3 d6 9. Nd2 g5 10. Bg3 Nbd7 11. f3 Qe7 12. Bf2 e5 13. e4 Rg8 14. Bd3 g4 15.
Rb1 gxf3 16. Qxf3 Nh7 17. Be3 Ng5 18. Qf5 1/2-1/2

[Event "15PCR_ZK5"]
[Site "?"]
[Date "2003.??.??"]
[Round "?"]
[White "Brichacek, Milan"]
[Black "Dudek, Karel"]
[Result "1-0"]
[WhiteElo "1800"]
[BlackElo "1955"]
[PlyCount "53"]
[EventDate "2003.??.??"]
[EventType "corr"]
[EventRounds "2"]
[SourceDate "2004.??.??"]

1. e4 c5 2. Nf3 Nf6 3. e5 Nd5 4. Nc3 e6 5. Nxd5 exd5 6. d4 Nc6 7. dxc5 Bxc5 8.
Qxd5 Qb6 9. Bc4 Bxf2+ 10. Kf1 O-O 11. Qe4 Nd8 12. Ng5 g6 13. Qf4 Qd4 14. Nxh7
Qxf4 15. Bxf4 Kxh7 16. Kxf2 f6 17. exf6 Rxf6 18. Kg3 Rc6 19. Bb3 Ne6 20. Rhf1
Nd4 21. Rae1 Nf5+ 22. Kh3 g5 23. Bxg5 Kg6 24. Bf4 Nd4 25. Bd5 Rf6 26. g4 Nc6
27. Kg3 1-0

[Event "15PCR_ZK5"]
[Site "?"]
[Date "2003.??.??"]
[Round "?"]
[White "Trs, Jan"]
[Black "Petricek, Jiri"]
[Result "1-0"]
[WhiteElo "2060"]
[BlackElo "1875"]
[PlyCount "65"]
[EventDate "2003.??.??"]
[EventType "corr"]
[EventRounds "2"]
[SourceDate "2004.??.??"]

1. c4 c5 2. Nc3 Nc6 3. g3 Nf6 4. Bg2 g6 5. Nf3 Bg7 6. O-O O-O 7. d4 cxd4 8.
Nxd4 Nxd4 9. Qxd4 d6 10. Qd3 Ng4 11. h3 Ne5 12. Qe4 Bf5 13. Qxb7 Rb8 14. Qxa7
Ra8 15. Qxa8 Qxa8 16. Bxa8 Rxa8 17. g4 Be6 18. Nd5 Nxc4 19. Nc7 Ra5 20. Nxe6
fxe6 21. a4 Bxb2 22. Bxb2 Nxb2 23. Ra2 Nc4 24. Rb1 Kf7 25. Rb5 Ra6 26. e4 Nd2
27. Rxd2 Rxa4 28. e5 Ra1+ 29. Kg2 d5 30. Rd3 h5 31. Rf3+ Ke8 32. Rb8+ Kd7 33.
Rb7+ 1-0